Eurovision 2025 - Statistics

General Stats
  • This quiz has been taken 37 times
  • The average score is 9 of 10
Answer Stats
Question Answer % Correct
Who won ESC 2025 Austria
100%
What was the title of Australias Song? Milkshake Man
100%
Where was ESC 2025 held? Basel
97%
Where did Germany finish 15th
94%
Who represented Sweden? KAJ
94%
Which country of these failed suprisingly to qualify? Cyprus
91%
Where did San Marino finish? 26th
85%
Which country did qualify suprisingly? Portugal
85%
Which country won the jury vote? Austria
76%
Which country won the televote? Israel
76%
No matching quizzes found
Score Distribution
Percent of People with Each Score
Percentile by Number Answered
Your Score History
You have not taken this quiz